00556nam a2200193Ia 4500008004100000041001200041082001200053100006500065245004300130260003500173300000700208365000700215520001400222546001200236630004300248650001400291655001400305730004300319101110s9999 xx 000 0 und d aENGLISH bSR31198 aLingayat S.K., Yamgar R.S., Choudhari Rajendra, Mandhre P.N. aHandbook of chemistry practicals FYBSc c2008b Sheth publishers,Mumbai a75 b50 aChemistry aENGLISH aHandbook of chemistry practicals FYBSc aChemistry aChemistry aHandbook of chemistry practicals FYBSc